000 01158nmm a2200361 a 4500
003 AR-BaBNM
005 20251128211748.0
008 216020sc200 ||||||||||||||000 | spa||
020 _a84-205-3713-6
040 _cAR-BaBNM
100 1 _aDeutsch Smith, Deborah
245 1 0 _aBases psicopedagógicas de la educación especial
_benseñando en una época de oportunidades
250 _a4ª ed.
260 _aMadrid
_bPearson-Prentice Hall
_cc2003
_aBuenos Aires
300 0 _a636 p.
504 _aContiene referencias bibliograficas
650 4 _aEDUCACION ESPECIAL
650 4 _aENFERMEDADES DEL SISTEMA NERVIOSO
650 4 _aAUTISMO
650 4 _aDIFICULTADES EN EL APRENDIZAJE
653 0 _aPSICOPEDAGOGIA
653 0 _aDISCAPACIDAD AUDITIVA
653 0 _aDISCAPACIDAD MENTAL
653 0 _aDISCAPACIDAD MOTORA
653 0 _aDISCAPACIDAD VISUAL
653 0 _aTRASTORNOS DEL LENGUAJE
700 1 _aEspinosa Bayal, María Angeles
_etraductor
700 1 _aGraña Cid, Arturo
_etraductor
700 1 _aRamos Aguado, Fernando
_etraductor
700 1 _aCriado del Pozo, María José
_erevisión
942 _cBK
998 _cme-solo cat
999 _c20999
_d20999